[Event "13PCR_F"]
[Site "?"]
[Date "2004.??.??"]
[Round "?"]
[White "Pytlik, Lesek"]
[Black "Sochor, Frantisek"]
[Result "1/2-1/2"]
[WhiteElo "2348"]
[BlackElo "2278"]
[PlyCount "68"]
[EventDate "2004.??.??"]
[EventType "corr"]

1. Nf3 c5 2. g3 d5 3. Bg2 g6 4. O-O Bg7 5. d3 Nc6 6. Nbd2 Nf6 7. e4 dxe4 8.
dxe4 O-O 9. h3 e5 10. c3 Qc7 11. Qe2 Rd8 12. Nc4 b6 13. Bg5 Ba6 14. b3 h6 15.
Bxf6 Bxf6 16. Nh2 h5 17. Rfd1 Qe7 18. Nf1 Bg5 19. h4 Bh6 20. Nfe3 Bxe3 21. Qxe3
Bxc4 22. bxc4 Qc7 23. f4 Rxd1+ 24. Rxd1 exf4 25. gxf4 Rd8 26. Rd5 Ne7 27. Rd2
Rxd2 28. Qxd2 Kg7 29. Kh2 f6 30. Kg1 Kf7 31. Bh3 g5 32. hxg5 fxg5 33. e5 Ke8
34. Qd3 g4 1/2-1/2

[Event "13PCR_F"]
[Site "?"]
[Date "2004.??.??"]
[Round "?"]
[White "Pytlik, Lesek"]
[Black "Vinklarek, Vlastimil"]
[Result "1-0"]
[WhiteElo "2348"]
[BlackElo "2172"]
[PlyCount "37"]
[EventDate "2004.??.??"]
[EventType "corr"]

1. e4 c5 2. Nf3 Nc6 3. Bb5 d6 4. O-O Bd7 5. Re1 g6 6. c3 Bg7 7. d4 cxd4 8. cxd4
Qb6 9. Nc3 Nxd4 10. Bxd7+ Kxd7 11. Be3 Nxf3+ 12. Qxf3 Qxb2 13. Nd5 Qe5 14. Qe2
Qb2 15. Qc4 Rc8 16. Qa4+ b5 17. Qxa7+ Ke8 18. Qb7 Rd8 19. Rac1 1-0

[Event "13PCR_F"]
[Site "?"]
[Date "2004.??.??"]
[Round "?"]
[White "Sochor, Frantisek"]
[Black "Firla, Stanislav"]
[Result "0-1"]
[WhiteElo "2278"]
[BlackElo "2340"]
[PlyCount "77"]
[EventDate "2004.??.??"]
[EventType "corr"]

1. e4 c5 2. Nf3 d6 3. d4 cxd4 4. Nxd4 Nf6 5. Nc3 a6 6. Be2 e5 7. Nb3 Be7 8. O-O
Be6 9. f4 Qc7 10. g4 h6 11. g5 hxg5 12. fxg5 Nh7 13. h4 Nf8 14. Nd5 Qd8 15. Be3
Nbd7 16. Nxe7 Qxe7 17. h5 Bxb3 18. axb3 Ne6 19. Bc4 Kd8 20. Qg4 Nf4 21. Ra5 Rc8
22. Bxf4 exf4 23. Qxf4 Rxh5 24. Bxf7 Rh8 25. Rd5 Rxc2 26. Rxd6 Rhh2 27. Rfd1
Rcg2+ 28. Kf1 Rf2+ 29. Qxf2 Rxf2+ 30. Kxf2 Qxf7+ 31. Kg3 Qxb3+ 32. Kf4 Qf7+ 33.
Ke3 a5 34. g6 Qe7 35. Kf4 a4 36. R1d3 b5 37. Ke3 b4 38. Kd2 Kc7 39. Rxd7+ 0-1

[Event "13PCR_F"]
[Site "?"]
[Date "2004.??.??"]
[Round "?"]
[White "Sochor, Frantisek"]
[Black "Koci, Vladimir"]
[Result "1-0"]
[WhiteElo "2278"]
[BlackElo "2270"]
[PlyCount "37"]
[EventDate "2004.??.??"]
[EventType "corr"]

1. e4 g6 2. d4 Bg7 3. Nc3 c5 4. dxc5 Qa5 5. Nge2 Nf6 6. e5 Ng4 7. f4 Qxc5 8.
Ne4 Qb6 9. a4 Nc6 10. a5 Nxa5 11. N2c3 Ne3 12. Qe2 Nxf1 13. Nd5 Qd8 14. f5 Bxe5
15. Bg5 Nc6 16. Nd6+ exd6 17. Bxd8 Kxd8 18. Qxf1 Bxb2 19. fxg6 1-0

[Event "13PCR_F"]
[Site "?"]
[Date "2004.??.??"]
[Round "?"]
[White "Sochor, Frantisek"]
[Black "Koukal, Vladimir"]
[Result "1-0"]
[WhiteElo "2278"]
[BlackElo "2194"]
[PlyCount "74"]
[EventDate "2004.??.??"]
[EventType "corr"]

1. e4 e5 2. Nf3 Nc6 3. Bb5 a6 4. Ba4 Nf6 5. O-O Be7 6. Re1 b5 7. Bb3 O-O 8. d4
d6 9. c3 Bg4 10. d5 Na5 11. Bc2 c5 12. h3 Bd7 13. Nbd2 Nb7 14. c4 Qc8 15. b3 h6
16. Nf1 Bd8 17. Ng3 Ba5 18. Re3 Qd8 19. Nf5 Kh7 20. Nxd6 Nxd6 21. Nxe5 g6 22.
Nxd7 Nxd7 23. e5 Nf5 24. Bxf5 gxf5 25. Qc2 Qg5 26. e6 Nf6 27. Rg3 Qh5 28. e7
Rg8 29. d6 Ne4 30. d7 Nxg3 31. fxg3 Qg6 32. Bd2 Qf6 33. Bxa5 Qd4+ 34. Kh2 Qxd7
35. Bd8 Raxd8 36. exd8=Q Rxd8 37. cxb5 axb5 1-0

[Event "13PCR_F"]
[Site "?"]
[Date "2004.??.??"]
[Round "?"]
[White "Sochor, Frantisek"]
[Black "Novotny, Petr"]
[Result "1/2-1/2"]
[WhiteElo "2278"]
[BlackElo "2218"]
[PlyCount "43"]
[EventDate "2004.??.??"]
[EventType "corr"]

1. e4 e5 2. Nf3 Nc6 3. Bb5 a6 4. Ba4 Nf6 5. O-O Be7 6. Re1 b5 7. Bb3 d6 8. c3
O-O 9. h3 Na5 10. Bc2 c5 11. d4 Qc7 12. Nbd2 cxd4 13. cxd4 Nc6 14. Nb3 a5 15.
Be3 a4 16. Nbd2 Bd7 17. Rc1 Qb7 18. Qe2 Rfe8 19. Bd3 Rab8 20. a3 exd4 21. Nxd4
Ne5 22. Bb1 1/2-1/2

[Event "13PCR_F"]
[Site "?"]
[Date "2004.??.??"]
[Round "?"]
[White "Sochor, Frantisek"]
[Black "Postl, Rostislav"]
[Result "1-0"]
[WhiteElo "2278"]
[BlackElo "2297"]
[PlyCount "85"]
[EventDate "2004.??.??"]
[EventType "corr"]

1. e4 e5 2. Nf3 Nc6 3. d4 exd4 4. Nxd4 Nf6 5. Nxc6 bxc6 6. e5 Qe7 7. Qe2 Nd5 8.
c4 Nb6 9. Nc3 Ba6 10. Qe4 Qe6 11. b3 O-O-O 12. Bb2 Bb7 13. O-O-O Re8 14. f4 d5
15. cxd5 cxd5 16. Qc2 Kb8 17. Kb1 c5 18. Bb5 Rc8 19. Bd3 Qc6 20. Bf5 Rd8 21.
Ne4 h6 22. Nd6 Bxd6 23. exd6 d4 24. b4 Nd5 25. Qxc5 Ne3 26. Bc2 Rc8 27. Bxd4
Qa6 28. Bxe3 Rxc5 29. Bxc5 Bc6 30. Rhe1 Ba4 31. Bd3 Qc6 32. Rd2 Rd8 33. Bf5 g6
34. Bg4 h5 35. Bf3 Qa6 36. Re7 Bd7 37. Rde2 Kc8 38. Kb2 Qb5 39. R2e3 a6 40. Rc3
Kb8 41. a3 a5 42. a4 Qxa4 43. Ra3 1-0

[Event "13PCR_F"]
[Site "?"]
[Date "2004.??.??"]
[Round "?"]
[White "Sochor, Frantisek"]
[Black "Pravec, Ladislav"]
[Result "1-0"]
[WhiteElo "2278"]
[BlackElo "2350"]
[PlyCount "117"]
[EventDate "2004.??.??"]
[EventType "corr"]

1. e4 c5 2. Nf3 Nc6 3. d4 cxd4 4. Nxd4 Nf6 5. Nc3 d6 6. Bg5 Qb6 7. Nb3 e6 8.
Bd3 Be7 9. O-O O-O 10. Be3 Qc7 11. f4 a6 12. g4 Nd7 13. g5 Re8 14. Qh5 g6 15.
Qh6 b5 16. Rf3 Bf8 17. Qh4 b4 18. Na4 Bg7 19. Rh3 Nf8 20. Nb6 Rb8 21. Nxc8
Rexc8 22. f5 exf5 23. exf5 Bxb2 24. Rb1 Bc3 25. fxg6 fxg6 26. Bxa6 Re8 27. a4
d5 28. Rf1 Ne6 29. Bb5 Re7 30. Nc5 Nxc5 31. Bxc5 Re4 32. Qf2 Ne5 33. Kh1 Rc8
34. Bb6 Qe7 35. a5 Qe6 36. Rg3 Ra8 37. a6 Ng4 38. Qc5 Nxh2 39. Rd1 Rh4 40. Qxd5
Qxd5+ 41. Rxd5 Nf1+ 42. Kg2 Nxg3 43. Kxg3 Rh1 44. a7 Ra1 45. Bc4 Kh8 46. Rd7
Rc8 47. Bb3 Re1 48. Rd8+ Rxd8 49. Bxd8 Rg1+ 50. Kh2 Ra1 51. Bb6 h6 52. gxh6 Kh7
53. Kg3 Kxh6 54. Kg4 Bg7 55. Bd5 Bc3 56. a8=Q Rxa8 57. Bxa8 Kg7 58. Kf4 Kf6 59.
Bf3 1-0

[Event "13PCR_F"]
[Site "?"]
[Date "2004.??.??"]
[Round "?"]
[White "Sochor, Frantisek"]
[Black "Strnad, Jiri"]
[Result "1-0"]
[WhiteElo "2278"]
[BlackElo "2228"]
[PlyCount "133"]
[EventDate "2004.??.??"]
[EventType "corr"]

1. e4 c6 2. d4 d5 3. Nc3 dxe4 4. Nxe4 Nd7 5. Nf3 Ngf6 6. Ng3 e6 7. Bd3 c5 8.
O-O cxd4 9. Nxd4 Bc5 10. Nb3 Be7 11. Re1 a5 12. a4 O-O 13. Qf3 Bd6 14. Ne4 Nxe4
15. Qxe4 Nf6 16. Qh4 h6 17. Bxh6 gxh6 18. Qxh6 Re8 19. Rad1 Bf8 20. Qg5+ Bg7
21. Bb5 Nd7 22. Qxd8 Rxd8 23. Nc5 Bxb2 24. Nxd7 Bxd7 25. Bxd7 Bc3 26. Re3 Rac8
27. Rdd3 Rc7 28. Rxc3 Rcxd7 29. Kf1 Rd4 30. Rc7 Rxa4 31. Rg3+ Kh8 32. Rb3 Rf4
33. Ke2 Re4+ 34. Re3 Rxe3+ 35. Kxe3 Rb8 36. Rxf7 a4 37. c4 a3 38. Rd7 a2 39.
Rd1 Rg8 40. g3 Ra8 41. Ra1 Kg7 42. Kd4 Kf6 43. f4 Ra3 44. Kc5 Ra6 45. Kb4 e5
46. fxe5+ Kxe5 47. Kb3 Kd4 48. Rxa2 Rb6+ 49. Kc2 Rb4 50. c5 Rc4+ 51. Kb3 Rxc5
52. Ra4+ Ke5 53. Rg4 Rc1 54. Rg5+ Kd4 55. h4 Rb1+ 56. Kc2 Rh1 57. h5 Kc4 58.
Kd2 Rh3 59. g4 b5 60. Re5 Rh4 61. Re4+ Kb3 62. Ke3 b4 63. Kf4 Rh1 64. Kg5 Kc3
65. Re3+ Kd4 66. Rg3 Kc4 67. Kh6 1-0

[Event "13PCR_F"]
[Site "?"]
[Date "2004.??.??"]
[Round "?"]
[White "Strnad, Jiri"]
[Black "Blazek, Jaroslav"]
[Result "1-0"]
[WhiteElo "2228"]
[BlackElo "2205"]
[PlyCount "75"]
[EventDate "2004.??.??"]
[EventType "corr"]

1. d4 Nf6 2. c4 e5 3. dxe5 Ng4 4. Bf4 Nc6 5. Nf3 Bb4+ 6. Nc3 Bxc3+ 7. bxc3 Qe7
8. Qd5 f6 9. exf6 Nxf6 10. Qd3 d6 11. g3 b6 12. Bg2 Bb7 13. O-O Na5 14. e4 O-O
15. Rfe1 Rad8 16. Rad1 Rfe8 17. Nd2 Nc6 18. Bg5 Ne5 19. Qc2 Rb8 20. f4 Nf7 21.
Bh4 Qe6 22. c5 bxc5 23. Qa4 Qd7 24. Qc4 Qc6 25. Bxf6 gxf6 26. Qe2 Qa4 27. Qg4+
Kh8 28. Qf5 Kg7 29. a3 Qxa3 30. e5 fxe5 31. Bxb7 Rxb7 32. Ne4 Qa2 33. Qg4+ Kh8
34. Nf6 Qe6 35. Qh4 h6 36. fxe5 Rf8 37. exd6 Qf5 38. Rf1 1-0

[Event "13PCR_F"]
[Site "?"]
[Date "2004.??.??"]
[Round "?"]
[White "Strnad, Jiri"]
[Black "Dlouhy, Radek"]
[Result "1-0"]
[WhiteElo "2228"]
[BlackElo "2225"]
[PlyCount "91"]
[EventDate "2004.??.??"]
[EventType "corr"]

1. d4 d5 2. c4 e6 3. Nf3 Nf6 4. Nc3 Be7 5. Bg5 O-O 6. e3 h6 7. Bxf6 Bxf6 8. Qc2
c5 9. dxc5 dxc4 10. Ne4 Nd7 11. Rd1 Qa5+ 12. Nfd2 c3 13. Nb3 Qxa2 14. Nxc3
Bxc3+ 15. Qxc3 Qa4 16. Nd4 e5 17. Nf5 Nf6 18. Nd6 Ne4 19. Qc4 Qxc4 20. Bxc4
Nxd6 21. Rxd6 Bf5 22. Ke2 Rac8 23. Rc1 Rfd8 24. Rd5 Re8 25. b4 Be6 26. Rd6
Bxc4+ 27. Rxc4 Red8 28. Rxd8+ Rxd8 29. b5 Rc8 30. Kd3 f6 31. Rc3 Kf7 32. Kc4
Ke6 33. Ra3 b6 34. c6 Rc7 35. e4 Kd6 36. Rd3+ Ke6 37. g3 g6 38. Rd8 h5 39. h4
Ke7 40. Rb8 Ke6 41. f3 Kd6 42. Rg8 a5 43. bxa6 Kxc6 44. Rxg6 Rf7 45. g4 b5+ 46.
Kb4 1-0

[Event "13PCR_F"]
[Site "?"]
[Date "2004.??.??"]
[Round "?"]
[White "Strnad, Jiri"]
[Black "Koci, Vladimir"]
[Result "1-0"]
[WhiteElo "2228"]
[BlackElo "2270"]
[PlyCount "63"]
[EventDate "2004.??.??"]
[EventType "corr"]

1. d4 Nf6 2. c4 e6 3. Nc3 d5 4. Bg5 Be7 5. e3 O-O 6. Nf3 h6 7. Bh4 c6 8. Bd3
Nbd7 9. O-O b6 10. cxd5 cxd5 11. Rc1 Bb7 12. Qb3 a6 13. Rc2 Rc8 14. Rfc1 Bd6
15. Na4 Rxc2 16. Rxc2 Re8 17. Rc1 b5 18. Nc5 Qb6 19. Qc2 g5 20. Bg3 Bxg3 21.
hxg3 Nxc5 22. dxc5 Qc7 23. a4 b4 24. c6 Bc8 25. Qc5 e5 26. Nd2 Re6 27. a5 d4
28. exd4 exd4 29. Nf3 g4 30. Nxd4 Re5 31. Qxb4 Rxa5 32. Rc5 1-0

[Event "13PCR_F"]
[Site "?"]
[Date "2004.??.??"]
[Round "?"]
[White "Strnad, Jiri"]
[Black "Nejtek, Jiri"]
[Result "0-1"]
[WhiteElo "2228"]
[BlackElo "2291"]
[PlyCount "76"]
[EventDate "2004.??.??"]
[EventType "corr"]

1. d4 d5 2. c4 c6 3. Nc3 e6 4. e3 Nf6 5. Nf3 Nbd7 6. Bd3 dxc4 7. Bxc4 b5 8. Bd3
Bb7 9. e4 b4 10. Na4 c5 11. e5 Nd5 12. O-O h6 13. Nxc5 Nxc5 14. dxc5 Bxc5 15.
Bb5+ Ke7 16. Bc4 Qb6 17. Qc2 Rac8 18. a3 bxa3 19. bxa3 Qc7 20. Qd3 Bb6 21. Bxd5
Bxd5 22. Bd2 Bc4 23. Bb4+ Ke8 24. Qd1 Bxf1 25. Qxf1 Bc5 26. Qe1 Bxb4 27. axb4
Ke7 28. Qe4 Rhd8 29. h3 Rd7 30. b5 Qc4 31. Qh7 Rcd8 32. Qxg7 Rd1+ 33. Rxd1
Rxd1+ 34. Kh2 Qf4+ 35. Qg3 Qxg3+ 36. Kxg3 Rd5 37. Kf4 Rxb5 38. Nd4 Rd5 0-1

[Event "13PCR_F"]
[Site "?"]
[Date "2004.??.??"]
[Round "?"]
[White "Strnad, Jiri"]
[Black "Pecka, Josef"]
[Result "1/2-1/2"]
[WhiteElo "2228"]
[BlackElo "2312"]
[PlyCount "39"]
[EventDate "2004.??.??"]
[EventType "corr"]

1. d4 d5 2. c4 c6 3. Nc3 e6 4. e3 Nf6 5. Nf3 Nbd7 6. Bd3 Bd6 7. e4 dxe4 8. Nxe4
Nxe4 9. Bxe4 Qc7 10. O-O Nf6 11. Qe2 b6 12. Bc2 Bb7 13. Bg5 Ng4 14. h3 h6 15.
Bh4 Nh2 16. Rfe1 g5 17. Nxg5 hxg5 18. Bxg5 Be7 19. Bxe7 Kxe7 20. Qe5 1/2-1/2

[Event "13PCR_F"]
[Site "?"]
[Date "2004.??.??"]
[Round "?"]
[White "Strnad, Jiri"]
[Black "Pytlik, Lesek"]
[Result "1/2-1/2"]
[WhiteElo "2228"]
[BlackElo "2348"]
[PlyCount "60"]
[EventDate "2004.??.??"]
[EventType "corr"]

1. d4 Nf6 2. c4 e6 3. Nf3 b6 4. a3 Bb7 5. Nc3 d5 6. Bg5 Be7 7. e3 O-O 8. Rc1 c5
9. Bxf6 Bxf6 10. cxd5 exd5 11. Be2 Nc6 12. dxc5 d4 13. Ne4 Qe7 14. Nxf6+ Qxf6
15. b4 Rad8 16. O-O dxe3 17. Qa4 Qf4 18. Rc4 exf2+ 19. Rxf2 Qe3 20. Qc2 Qxa3
21. Rh4 g6 22. b5 Nb4 23. Qc4 bxc5 24. Qxc5 Qa1+ 25. Rf1 Qb2 26. Qg5 a5 27.
bxa6 Nxa6 28. Qh6 Qg7 29. Qxg7+ Kxg7 30. Ng5 h6 1/2-1/2

[Event "13PCR_F"]
[Site "?"]
[Date "2004.??.??"]
[Round "?"]
[White "Strnad, Jiri"]
[Black "Vinklarek, Vlastimil"]
[Result "1/2-1/2"]
[WhiteElo "2228"]
[BlackElo "2172"]
[PlyCount "86"]
[EventDate "2004.??.??"]
[EventType "corr"]

1. d4 d5 2. c4 e6 3. Nf3 Nf6 4. e3 Be7 5. Bd3 O-O 6. O-O b6 7. Nc3 dxc4 8. Bxc4
c5 9. e4 cxd4 10. Nxd4 e5 11. Nf3 Nbd7 12. Qe2 Bb7 13. Bg5 Rc8 14. Rac1 Ng4 15.
Bd2 Ngf6 16. Rfd1 Qc7 17. Nd5 Nxd5 18. Bxd5 Qb8 19. Bc3 Bf6 20. Bxb7 Qxb7 21.
Rd5 Rc5 22. Rcd1 Rxd5 23. Rxd5 Qc8 24. h3 Rd8 25. Qd3 Nc5 26. Qc4 Rxd5 27. Qxd5
Na4 28. Nxe5 Nxc3 29. bxc3 Bxe5 30. Qxe5 h6 31. a4 a5 32. Qd4 Qc6 33. e5 Qe8
34. Kh2 b5 35. axb5 Qxb5 36. c4 Qa6 37. c5 a4 38. f4 a3 39. c6 Qxc6 40. Qd8+
Kh7 41. Qd3+ g6 42. Qxa3 h5 43. Qe7 Kg7 1/2-1/2

[Event "13PCR_F"]
[Site "?"]
[Date "2004.??.??"]
[Round "?"]
[White "Vinklarek, Vlastimil"]
[Black "Blazek, Jaroslav"]
[Result "0-1"]
[WhiteElo "2172"]
[BlackElo "2205"]
[PlyCount "84"]
[EventDate "2004.??.??"]
[EventType "corr"]

1. d4 Nf6 2. Nf3 d5 3. c4 e6 4. Nc3 c6 5. e3 Nbd7 6. Qc2 Bd6 7. Be2 O-O 8. O-O
dxc4 9. Bxc4 e5 10. Re1 Qe7 11. b3 e4 12. Nd2 Re8 13. Bb2 Nb6 14. Be2 Nbd5 15.
Nc4 Bc7 16. Ba3 Qe6 17. Nd1 a5 18. Rc1 Nb4 19. Bxb4 axb4 20. Nd2 Nd5 21. Bf1
Qh6 22. g3 Qg6 23. Bg2 Bf5 24. Ra1 h5 25. Nb2 h4 26. Na4 b6 27. Nb2 Re6 28. Nf1
h3 29. Bh1 b5 30. Nd2 Bb6 31. Nd1 c5 32. dxc5 Rc8 33. Qb2 Rxc5 34. Rc1 Rxc1 35.
Qxc1 Rc6 36. Qb2 Qe6 37. Rf1 Nf6 38. Re1 Qd6 39. Nf1 Qc7 40. Qe2 Bg4 41. Qxb5
Rc5 42. Qa6 Ra5 0-1

[Event "13PCR_F"]
[Site "?"]
[Date "2004.??.??"]
[Round "?"]
[White "Vinklarek, Vlastimil"]
[Black "Dlouhy, Radek"]
[Result "1-0"]
[WhiteElo "2172"]
[BlackElo "2225"]
[PlyCount "69"]
[EventDate "2004.??.??"]
[EventType "corr"]

1. e4 e5 2. Nf3 Nc6 3. Bc4 Nf6 4. d3 Be7 5. O-O O-O 6. c3 d5 7. exd5 Nxd5 8.
Re1 Bg4 9. Nbd2 Nb6 10. Bb5 Bf6 11. Bxc6 bxc6 12. h3 Bh5 13. Ne4 Nd7 14. Re3
Be7 15. Ng3 Bxf3 16. Qxf3 c5 17. Re2 Rb8 18. Nf5 Bf6 19. Be3 Re8 20. Rd1 Re6
21. Qg3 Kh8 22. Rc2 g6 23. Nh6 Qe7 24. d4 Rd6 25. Re1 exd4 26. cxd4 cxd4 27.
Rxc7 Rbb6 28. Bd2 Re6 29. Rxe6 Rxe6 30. Rc8+ Nf8 31. Nf5 gxf5 32. Bh6 Re1+ 33.
Kh2 Qe8 34. Rxe8 Rxe8 35. Qd3 1-0

[Event "13PCR_F"]
[Site "?"]
[Date "2004.??.??"]
[Round "?"]
[White "Vinklarek, Vlastimil"]
[Black "Firla, Stanislav"]
[Result "0-1"]
[WhiteElo "2172"]
[BlackElo "2340"]
[PlyCount "110"]
[EventDate "2004.??.??"]
[EventType "corr"]

1. e4 e5 2. Nf3 Nc6 3. Bc4 Bc5 4. c3 Bb6 5. d4 Qe7 6. O-O Nf6 7. d5 Nd8 8. Nbd2
d6 9. a4 a5 10. Bd3 O-O 11. Nc4 Nd7 12. Nxb6 Nxb6 13. Bg5 f6 14. Be3 Bg4 15.
Bxb6 cxb6 16. Be2 f5 17. Nd2 Bxe2 18. Qxe2 f4 19. b3 Nf7 20. Rfc1 Ng5 21. f3
Qc7 22. Nc4 Rf6 23. Ra2 Rg6 24. Kh1 Rh6 25. Qf1 Rf8 26. Qf2 Qf7 27. Nd2 Qc7 28.
Rb2 Ra8 29. Rbc2 Nf7 30. Nc4 Ra6 31. Rd2 Ng5 32. Rd3 Rf6 33. g4 Rh6 34. Rdd1
Rh3 35. Nd2 Ra8 36. Rf1 Rf8 37. Qe2 Qc5 38. Rf2 Rf6 39. c4 Rfh6 40. Nf1 R6h4
41. Rb1 h5 42. gxh5 Rxh5 43. Rc1 Kf8 44. Re1 Nh7 45. Rg2 g5 46. Rd1 R5h4 47.
Rd3 g4 48. fxg4 Rxd3 49. Qxd3 Ng5 50. Nd2 Rh3 51. Qf1 Qd4 52. Qf2 f3 53. Qf1
Qe3 54. Rf2 Ke7 55. Qg1 Rh4 0-1

[Event "13PCR_F"]
[Site "?"]
[Date "2004.??.??"]
[Round "?"]
[White "Vinklarek, Vlastimil"]
[Black "Nedoma, Petr"]
[Result "0-1"]
[WhiteElo "2172"]
[BlackElo "2269"]
[PlyCount "58"]
[EventDate "2004.??.??"]
[EventType "corr"]

1. d4 Nf6 2. Nf3 d5 3. c4 e6 4. Nc3 Nbd7 5. e3 Be7 6. Bd3 dxc4 7. Bxc4 a6 8.
O-O b5 9. Be2 Bb7 10. Qc2 Rc8 11. Rd1 c5 12. dxc5 Bxc5 13. Ne5 O-O 14. Nxd7
Nxd7 15. Bd3 f5 16. Qe2 Qc7 17. Qe1 Ne5 18. Be2 b4 19. Nb1 Ng4 20. Bxg4 fxg4
21. a3 Qe5 22. axb4 Bd6 23. Rxd6 Qe4 24. f3 Rxc1 25. Qxc1 gxf3 26. Qe1 f2+ 27.
Qxf2 Rxf2 28. Kxf2 Qxg2+ 29. Ke1 Qg1+ 0-1

[Event "13PCR_F"]
[Site "?"]
[Date "2004.??.??"]
[Round "?"]
[White "Vinklarek, Vlastimil"]
[Black "Postl, Rostislav"]
[Result "0-1"]
[WhiteElo "2172"]
[BlackElo "2297"]
[PlyCount "74"]
[EventDate "2004.??.??"]
[EventType "corr"]

1. d4 d5 2. c4 c6 3. cxd5 cxd5 4. Nc3 Nf6 5. Nf3 Nc6 6. Bf4 Bf5 7. e3 e6 8. Bb5
Bd6 9. Bxd6 Qxd6 10. O-O O-O 11. Nh4 Bg4 12. f3 Bh5 13. g4 Bg6 14. Nxg6 hxg6
15. Rc1 e5 16. f4 exd4 17. exd4 Rfe8 18. Ba4 Re3 19. Bb3 Rd8 20. g5 Ne4 21.
Bxd5 Nxc3 22. Rxc3 Rxc3 23. Bxf7+ Kxf7 24. bxc3 Qe6 25. Qc2 Ne7 26. Rf3 Qe1+
27. Rf1 Qe3+ 28. Kg2 Rc8 29. Qb3+ Kf8 30. Rf3 Qe2+ 31. Rf2 Qg4+ 32. Kh1 Nf5 33.
Qb4+ Kg8 34. Qb3+ Kh7 35. c4 Re8 36. Qb1 Qh4 37. Qg1 Re3 0-1

[Event "13PCR_F"]
[Site "?"]
[Date "2004.??.??"]
[Round "?"]
[White "Vinklarek, Vlastimil"]
[Black "Pravec, Ladislav"]
[Result "1/2-1/2"]
[WhiteElo "2172"]
[BlackElo "2350"]
[PlyCount "45"]
[EventDate "2004.??.??"]
[EventType "corr"]

1. d4 Nf6 2. Nf3 g6 3. g3 Bg7 4. Bg2 O-O 5. O-O d5 6. Nbd2 a5 7. a4 Na6 8. c4
c6 9. b3 Bf5 10. Ba3 Nb4 11. Rc1 Na2 12. Ra1 Nc3 13. Qe1 Re8 14. Ne5 Nfe4 15.
Nxe4 Nxe4 16. e3 f6 17. Nf3 e5 18. cxd5 Qxd5 19. dxe5 fxe5 20. Ng5 Qd3 21. Nxe4
Bxe4 22. Bxe4 Qxe4 23. Qe2 1/2-1/2

[Event "13PCR_F"]
[Site "?"]
[Date "2004.??.??"]
[Round "?"]
[White "Vinklarek, Vlastimil"]
[Black "Sochor, Frantisek"]
[Result "1/2-1/2"]
[WhiteElo "2172"]
[BlackElo "2278"]
[PlyCount "62"]
[EventDate "2004.??.??"]
[EventType "corr"]

1. e4 c5 2. Nf3 Nc6 3. d4 cxd4 4. Nxd4 Nf6 5. Nc3 d6 6. Bg5 Qb6 7. Nb3 e6 8.
Bd3 Be7 9. Be3 Qc7 10. O-O O-O 11. f4 b6 12. Nb5 Qd7 13. Nc3 Bb7 14. Qe2 Nb4
15. Bb5 Qc7 16. a3 a6 17. Bd3 Nxd3 18. cxd3 Rfc8 19. Rac1 Qd8 20. Qf2 Ng4 21.
Bxb6 Nxf2 22. Bxd8 Nh3+ 23. gxh3 Bxd8 24. Kf2 Rab8 25. Nd2 d5 26. b4 a5 27. b5
Be7 28. Ncb1 dxe4 29. dxe4 Rc5 30. Rxc5 Bxc5+ 31. Ke2 f6 1/2-1/2